000 004570000a22001810004500
003 MACL
005 20151006154811.0
008 151006b xxu||||| |||| 00| 0 eng d
040 _aMACL
_cMACL
041 _aEnglish
082 _a910/SOO
100 _aSood, Shubhi
_913937
245 _aBhutan 100 years wangchuck vision
260 _bsds publisher
_c2008
_aNew Delhi
350 _a2400
650 _aTravel& geography
_913442
942 _cBK
_k910/SOO
_2ddc
999 _c44415
_d44415